Score 0/15 Timer 01:30
4 Plays Today
Question Answer Wrong Answers
Just For Fun
Second color of the rainbow
Orange
79.6%
Blue
7.2%
Red
4.4%
Green
5.7%
Science
Second planet from the Sun
Venus
70.1%
Earth
1.9%
Mercury
9.1%
Mars
8.6%
Sports
Second Triathlon Event
Cycling
64.5%
Swimming
23%
Running
10.4%
Medaling
1.2%
Miscellaneous
Second country with a Starbucks
Canada
62.8%
United States
4.7%
United Kingdom
16.7%
Japan
11.9%
Movies
Second 'Pixar' Film
A Bug's Life
56.8%
Toy Story
15.7%
Toy Story 2
11.5%
Monsters, Inc.
13.9%
Television
Second wife of Friends' Ross Geller
Emily Waltham
54.2%
Rachel Green
29.7%
Carol Willick
6.6%
Janice Goralnik
6.4%
Geography
Second most northerly national capital
Helsinki
53.4%
Reykjavik
21.4%
Moscow
14.5%
Ottawa
9.4%
Language
Second positive number in German
Zwei
52.1%
Drei
22.9%
Eins
6.8%
Vier
10.2%
Religion
Second book of the New Testament
Mark
51.8%
Matthew
7.9%
Luke
7.4%
John
6.1%
History
Second US state admitted to the Union
Pennsylvania
51.2%
Delaware
19.3%
Vermont
14.7%
Georgia
10.2%
Holiday
Second 'The Twelve Days of Christmas' gift
Turtle Doves
47.7%
Calling Birds
7.6%
Golden Rings
2.4%
French Hens
6.9%
Music
Second 'Eminem' studio album
The Slim Shady LP
44.5%
Infinite
7.3%
The Marshall Mathers LP
30.4%
The Eminem Show
15.4%
Entertainment
Second child of the Jackson family
Jackie
41.3%
Rebbie
11.2%
Janet
19.1%
Michael
7.7%
Literature
Second 'A Song of Ice and Fire' novel
A Clash of Kings
36.3%
A Game of Thrones
23.8%
A Storm of Swords
21.3%
A Feast for Crows
11.9%
Gaming
Second Monopoly space after 'Go'
Community Chest
20.8%
Chance
10.2%
Baltic Avenue
40.1%
Income Tax
14.1%
Remove Ads.
Support Sporcle.
Get the best of Sporcle when you Go Orange. This ad-free experience offers more features, more stats, and more fun while also helping to support Sporcle. Thank you for becoming a member.

You're not logged in!

Compare scores with friends on all Sporcle quizzes.
OR
Log In

Show Comments

Extras

Top Quizzes Today


Score Distribution

Your Account Isn't Verified!

In order to create a playlist on Sporcle, you need to verify the email address you used during registration. Go to your Sporcle Settings to finish the process.

Report this User

Report this user for behavior that violates our Community Guidelines.

Details: